000 00649nam a2200205Ia 4500
003 IN-BaIIA
008 211028s9999 xx 000 0 eng d
020 _a0-7167-1417-5
040 _cIIA Library
080 _a524.83
_bWAG
100 _aWagoner, Robert V.
_913516
245 0 _aCosmic horizons
_bunderstanding the universe
_cRobert V. Wagoner and Donald W. Goldsmith
260 _aSan Francisco
_bW. H. Freeman
_c1983
300 _aix, 195p.
650 _aAstronomy and astrophysics thesaurus
650 _aCosmology
650 _aUniverse
_91987
700 _aGoldsmith, Donald W.
_913517
942 _cBK
999 _c8012
_d8012